Score 0/20 Timer 03:00
1 Play Today
clue Missing Word % Correct
FarrellyDumber
98.5%
FarrellySomething
97.7%
FarrellyThree
97.1%
CoenOld
96%
CoenTrue
95.8%
CoenBig
94.4%
WachowskiVendetta
87.4%
FarrellyIrene
84.7%
HughesBook
83.3%
CoenRaising
81.2%
clue Missing Word % Correct
WachowskiMatrix
77.2%
WachowskiSpeed
63.1%
FarrellyStuck
59.1%
HughesDead
52%
WachowskiAtlas
50.1%
CoenFink
49.5%
HughesSociety
48.8%
HughesFrom
26.3%
WachowskiNinja
11.5%
HughesCity
5.2%

Today's Daily Dose

Remove Ads.
Support Sporcle.
Get the best of Sporcle when you Go Orange. This ad-free experience offers more features, more stats, and more fun while also helping to support Sporcle. Thank you for becoming a member.

You're not logged in!

Compare scores with friends on all Sporcle quizzes.
OR
Log In

Show Comments

Extras

Top Quizzes Today


Score Distribution

Your Account Isn't Verified!

In order to create a playlist on Sporcle, you need to verify the email address you used during registration. Go to your Sporcle Settings to finish the process.

Report this User

Report this user for behavior that violates our Community Guidelines.

Details: